| 000 | 00370nam a22001577a 4500 | ||
|---|---|---|---|
| 003 | SGT | ||
| 020 | _a9788131249116 | ||
| 082 |
_a615.845 _bG20G |
||
| 100 | _aGOLDGERGER, ARY L. | ||
| 245 | _aGOLDBERGER'S CLINICAL ELECTROCARDIOGRAPHY | ||
| 250 | _a1ST S.A. | ||
| 260 |
_aINDIA _bELSEVIER PUB _c2020 |
||
| 300 | _a275 | ||
| 650 | _aPHYSIOTHERAPY | ||
| 942 |
_2ddc _cBK _07 |
||
| 999 |
_c21979 _d21979 |
||